<?xml version="1.0" encoding="UTF-8"?>
<record
    xmlns:xsi="http://www.w3.org/2001/XMLSchema-instance"
    xsi:schemaLocation="http://www.loc.gov/MARC21/slim http://www.loc.gov/standards/marcxml/schema/MARC21slim.xsd"
    xmlns="http://www.loc.gov/MARC21/slim">

  <leader>00548nam a2200169Ia 4500</leader>
  <controlfield tag="008">230718s9999    xx            000 0 und d</controlfield>
  <datafield tag="020" ind1=" " ind2=" ">
    <subfield code="a">9781118369364</subfield>
  </datafield>
  <datafield tag="041" ind1=" " ind2=" ">
    <subfield code="a">eng</subfield>
  </datafield>
  <datafield tag="082" ind1=" " ind2=" ">
    <subfield code="a">610.28</subfield>
    <subfield code="b">BRE</subfield>
  </datafield>
  <datafield tag="100" ind1=" " ind2=" ">
    <subfield code="a">Brennan A.B. (Editor)</subfield>
    <subfield code="9">198208</subfield>
  </datafield>
  <datafield tag="245" ind1=" " ind2=" ">
    <subfield code="a">Bio-Inspired Materials For Biomedical Engineering</subfield>
  </datafield>
  <datafield tag="260" ind1=" " ind2=" ">
    <subfield code="c">2014</subfield>
    <subfield code="b">Wiley</subfield>
  </datafield>
  <datafield tag="300" ind1=" " ind2=" ">
    <subfield code="a">386</subfield>
    <subfield code="d">Ref 1664 E ME (51941)</subfield>
  </datafield>
  <datafield tag="365" ind1=" " ind2=" ">
    <subfield code="c">Rs.</subfield>
    <subfield code="b">11180.50</subfield>
  </datafield>
  <datafield tag="700" ind1=" " ind2=" ">
    <subfield code="a">Brennan A.B. (Editor) &amp; Kirschner C.M. (Editor)</subfield>
    <subfield code="9">198209</subfield>
  </datafield>
  <datafield tag="906" ind1=" " ind2=" ">
    <subfield code="d">O:0480721-Dec-2015B:SE/SI/254327-Nov-2015</subfield>
    <subfield code="c">ME ETC</subfield>
    <subfield code="b">3577.76</subfield>
  </datafield>
  <datafield tag="999" ind1=" " ind2=" ">
    <subfield code="c">340734</subfield>
    <subfield code="d">340734</subfield>
  </datafield>
  <datafield tag="952" ind1=" " ind2=" ">
    <subfield code="0">0</subfield>
    <subfield code="1">0</subfield>
    <subfield code="2">ddc</subfield>
    <subfield code="3">Ref 1664 E (51941)</subfield>
    <subfield code="4">0</subfield>
    <subfield code="7">3</subfield>
    <subfield code="a">CCEP</subfield>
    <subfield code="b">CCEP</subfield>
    <subfield code="d">2015-12-21</subfield>
    <subfield code="e">Suyog Enterprises</subfield>
    <subfield code="f">ME ETC</subfield>
    <subfield code="g">7602.74</subfield>
    <subfield code="i">SE/SI/2543</subfield>
    <subfield code="o">610.28</subfield>
    <subfield code="p">CCEP-BK-51941</subfield>
    <subfield code="r">2023-07-18 00:00:00</subfield>
    <subfield code="t">3577.76</subfield>
    <subfield code="v">11180.50</subfield>
    <subfield code="w">2015-11-27</subfield>
    <subfield code="y">BK</subfield>
    <subfield code="z">051941</subfield>
  </datafield>
</record>
